Energy efficient

Gespeichert in:
Bibliographische Detailangaben
Hauptverfasser: Marder, A. R (VerfasserIn), Stephenson, E. T (VerfasserIn)
Format: Buch
Sprache:Englisch
Veröffentlicht: Nueva York The Metallurgical Society of AIME 1981
Schlagworte:
Tags: Tag hinzufügen
Keine Tags, Fügen Sie den ersten Tag hinzu!

MARC

LEADER 00000nam a2200000 a 4500
001 UCU1783
003 CL-VaPUC
005 20220315074412.0
008 960412e19810000us 1 eng d
082 0 4 |a 669.028  |b MAR  |2 21 
100 1 |a Marder, A. R  |e author  |9 617623 
700 1 |a Stephenson, E. T  |e author  |9 617624 
245 1 0 |a Energy efficient 
246 1 0 |a Electrical steels 
260 |a Nueva York  |b The Metallurgical Society of AIME  |c 1981 
300 |a 219 p 
583 |a last modification  |c 20160105 12:31:35  |k Rodrigo Vera 
650 0 0 |a Metalurgia  |9 263720 
650 0 0 |a Aceros  |9 260685 
650 0 7 |a HIERRO  |2 CL-VaPUC  |9 357538 
650 0 0 |a Magnetismo  |9 260336 
650 0 7 |a EQUIPOS ELECTRICOS  |2 CL-VaPUC  |9 491187 
650 0 0 |a Congresos  |9 257560 
942 |c BK 
945 |a rleighto  |d 19960412 00:00:00 
546 |a En Inglés 
518 |p Proceedings of a symposium sponsored by the TMS AIME Ferrous Metallurgy Committee at the Fall Meeting 9of the Metallurgical Society of AIME, Pittsburgh, Pennsylvania, October 5 9, 1980 
999 |c 382563  |d 382561 
952 |0 0  |1 0  |4 0  |6 669_028000000000000_MAR_1981  |7 0  |8 A  |9 504324  |a BIBCUR  |b BIBCUR  |d 2020-01-23  |i 3181766  |o 669.028 MAR 1981  |p 3181766  |r 2025-04-22  |w 2020-01-23  |y BK  |k BCB